<?xml version="1.0" encoding="UTF-8"?>
<record
    xmlns:xsi="http://www.w3.org/2001/XMLSchema-instance"
    xsi:schemaLocation="http://www.loc.gov/MARC21/slim http://www.loc.gov/standards/marcxml/schema/MARC21slim.xsd"
    xmlns="http://www.loc.gov/MARC21/slim">

  <leader>01071nam a22002417a 4500</leader>
  <controlfield tag="003">SEM</controlfield>
  <datafield tag="999" ind1=" " ind2=" ">
    <subfield code="c">67546</subfield>
    <subfield code="d">67546</subfield>
  </datafield>
  <controlfield tag="005">20220608073933.0</controlfield>
  <controlfield tag="008">171027b        xxu||||| |||| 00| 0 rus</controlfield>
  <datafield tag="040" ind1=" " ind2=" ">
    <subfield code="c">SEM</subfield>
    <subfield code="a">SEM</subfield>
  </datafield>
  <datafield tag="041" ind1="1" ind2=" ">
    <subfield code="a">rus.</subfield>
    <subfield code="a">fr.</subfield>
  </datafield>
  <datafield tag="080" ind1=" " ind2=" ">
    <subfield code="a">804.0(028)/&#x41A;-53</subfield>
  </datafield>
  <datafield tag="245" ind1="0" ind2="4">
    <subfield code="a">&#x41A;&#x43D;&#x438;&#x433;&#x430; &#x434;&#x43B;&#x44F; &#x447;&#x442;&#x435;&#x43D;&#x438;&#x44F; &#x43D;&#x430; &#x444;&#x440;&#x430;&#x43D;&#x446;&#x443;&#x437;&#x441;&#x43A;&#x43E;&#x43C; &#x44F;&#x437;&#x44B;&#x43A;&#x435;. </subfield>
    <subfield code="b">&#x41A; &#x443;&#x447;&#x435;&#x431;&#x43D;&#x438;&#x43A;&#x443; &#x434;&#x43B;&#x44F; 9-11&#x43A;&#x43B;&#x430;&#x441;&#x441;&#x43E;&#x432; &#x432;&#x435;&#x447;&#x435;&#x440;&#x43D;&#x435;&#x439; (&#x441;&#x43C;&#x435;&#x43D;&#x43D;&#x43E;&#x439;) &#x438; &#x437;&#x430;&#x43E;&#x447;&#x43D;&#x43E;&#x439; &#x43E;&#x431;&#x449;&#x435;&#x43E;&#x431;&#x440;&#x430;&#x437;&#x43E;&#x432;&#x430;&#x442;&#x435;&#x43B;&#x44C;&#x43D;&#x43E;&#x439; &#x448;&#x43A;&#x43E;&#x43B;&#x44B;. / </subfield>
    <subfield code="c">&#x421;&#x43E;&#x441;&#x442;.: &#x410;. &#x410;&#x444;&#x430;&#x43D;&#x430;&#x441;&#x44C;&#x435;&#x432;&#x430; &#x438; &#x434;&#x440;.</subfield>
  </datafield>
  <datafield tag="246" ind1="0" ind2="4">
    <subfield code="a">Livre de lecture 9.10.11.</subfield>
  </datafield>
  <datafield tag="260" ind1=" " ind2=" ">
    <subfield code="a">&#x41C;&#x43E;&#x441;&#x43A;&#x432;&#x430;:</subfield>
    <subfield code="b">&#xAB;&#x41F;&#x440;&#x43E;&#x441;&#x432;&#x435;&#x449;&#x435;&#x43D;&#x438;&#x435;&#xBB;,</subfield>
    <subfield code="c">1976.</subfield>
  </datafield>
  <datafield tag="300" ind1=" " ind2=" ">
    <subfield code="a">88 &#x441;.;</subfield>
    <subfield code="b">&#x438;&#x43B;&#x43B;.;</subfield>
    <subfield code="c">22 &#x441;&#x43C;.</subfield>
  </datafield>
  <datafield tag="440" ind1=" " ind2=" ">
    <subfield code="a">&#x427;&#x438;&#x442;&#x430;&#x435;&#x43C; &#x43F;&#x43E; &#x444;&#x440;&#x430;&#x43D;&#x446;&#x443;&#x437;&#x441;&#x43A;&#x438;</subfield>
  </datafield>
  <datafield tag="650" ind1=" " ind2=" ">
    <subfield code="a">&#x424;&#x440;&#x430;&#x43D;&#x446;&#x443;&#x437;&#x441;&#x43A;&#x438;&#x439; &#x44F;&#x437;&#x44B;&#x43A;</subfield>
    <subfield code="x">&#x43A;&#x43D;&#x438;&#x433;&#x430; &#x434;&#x43B;&#x44F; &#x447;&#x442;&#x435;&#x43D;&#x438;&#x44F;</subfield>
  </datafield>
  <datafield tag="700" ind1=" " ind2=" ">
    <subfield code="a">&#x410;&#x444;&#x430;&#x43D;&#x430;&#x441;&#x44C;&#x435;&#x432;&#x430; &#x410;.</subfield>
    <subfield code="4">&#x441;&#x43E;&#x441;&#x442;.</subfield>
    <subfield code="e">comp.</subfield>
  </datafield>
  <datafield tag="700" ind1="1" ind2=" ">
    <subfield code="a">&#x411;&#x43B;&#x430;&#x433;&#x43E;&#x434;&#x430;&#x442;&#x43E;&#x432;&#x430; &#x420;.</subfield>
    <subfield code="4">&#x441;&#x43E;&#x441;&#x442;.</subfield>
    <subfield code="e">comp.</subfield>
  </datafield>
  <datafield tag="700" ind1="1" ind2=" ">
    <subfield code="a">&#x416;&#x430;&#x432;&#x43E;&#x440;&#x43E;&#x43D;&#x43A;&#x43E;&#x432;&#x430; &#x421;.</subfield>
    <subfield code="4">&#x441;&#x43E;&#x441;&#x442;.</subfield>
    <subfield code="e">comp.</subfield>
  </datafield>
  <datafield tag="700" ind1="1" ind2=" ">
    <subfield code="a">&#x421;&#x438;&#x43C;&#x430;&#x442;&#x441;&#x43A;&#x430;&#x44F; &#x41B;.</subfield>
    <subfield code="4">&#x441;&#x43E;&#x441;&#x442;.</subfield>
    <subfield code="e">comp.</subfield>
  </datafield>
  <datafield tag="942" ind1=" " ind2=" ">
    <subfield code="2">udc</subfield>
    <subfield code="c">BK</subfield>
  </datafield>
  <datafield tag="952" ind1=" " ind2=" ">
    <subfield code="0">0</subfield>
    <subfield code="1">0</subfield>
    <subfield code="2">udc</subfield>
    <subfield code="4">0</subfield>
    <subfield code="7">0</subfield>
    <subfield code="8">&#x533;&#x580;&#x561;&#x57A;&#x561;&#x570;&#x578;&#x581;</subfield>
    <subfield code="a">SEM</subfield>
    <subfield code="b">SEM</subfield>
    <subfield code="d">2017-10-27</subfield>
    <subfield code="i">&#x420;&#x443;&#x441;-8514</subfield>
    <subfield code="l">0</subfield>
    <subfield code="o">804.0(028)/&#x41A;-53</subfield>
    <subfield code="p">&#x420;&#x443;&#x441;-8514</subfield>
    <subfield code="r">2017-10-27</subfield>
    <subfield code="w">2022-06-08</subfield>
    <subfield code="y">BK</subfield>
    <subfield code="z">&#x54D;&#x57A;&#x561;&#x57D;&#x561;&#x580;&#x56F;&#x57E;&#x578;&#x582;&#x574; &#x567; &#x568;&#x576;&#x569;&#x565;&#x580;&#x581;&#x561;&#x57D;&#x580;&#x561;&#x570;</subfield>
  </datafield>
</record>
